| 000 | 00441nam a22001451a 4500 | ||
|---|---|---|---|
| 082 |
_aM301 _bTKC/T |
||
| 100 |
_aT K C Vaduthala _9107744 |
||
| 245 |
_aTheranjedutha kathakal: _bT K C Vaduthala/ _cby T K C Vaduthala |
||
| 260 |
_aKottayam: _bSahitya Pravartaka Co-operative Society, _c1981. |
||
| 300 | _a344p. | ||
| 650 |
_aStories Malayalam _9107745 |
||
| 650 |
_aLiterature Malayalam _9107746 |
||
| 650 |
_aLiterature _9107747 |
||
| 942 | _cBK | ||
| 999 |
_c46840 _d46840 |
||